Tournoi VI Nations 2025 : équipe de France - Statistiques

Statistiques générales
  • Ce quiz a été pris 48 fois
  • Le résultat moyen est 24 sur 44
Statistiques - réponses
Poste Sélections Réponse % Correct
Demi de mêlée 55 Antoine Dupont
95%
Ailier 53 Damian Penaud
90%
Demi d'ouverture 37 Romain Ntamack
90%
Arrière 39 Thomas Ramos
90%
Talonneur 37 Peato Mauvaka
88%
Talonneur 40 Julien Marchand
85%
Ailier 14 Louis Bielle-Biarrey
85%
Pilier 63 Uini Atonio
85%
Pilier 52 Cyril Baille
83%
Troisième ligne 34 François Cros
83%
Demi de mêlée 24 Maxime Lucu
83%
Demi d'ouverture 34 Matthieu Jalibert
80%
Troisième ligne 51 Grégory Alldritt
78%
Pilier 32 Jean-Baptiste Gros
78%
Centre 31 Yoram Moefana
78%
Deuxième ligne 29 Thibaud Flament
68%
Deuxième ligne 5 Emmanuel Meafou
65%
Demi de mêlée 7 Nolann Le Garrec
65%
Troisième ligne 29 Anthony Jelonch
63%
Deuxième ligne 1 Hugo Auradou
50%
Troisième ligne 1 Oscar Jégou
50%
Troisième ligne 14 Paul Boudehent
50%
Centre 3 Pierre-Louis Barassi
50%
Centre 6 Emilien Gailleton
48%
Ailier 18 Gabin Villière
48%
Ailiere 3 Théo Attissogbé
48%
Troisième ligne 7 Alexandre Roumat
45%
Pilier 19 Dorian Aldegheri
45%
Pilier 7 Georges-Henri Colombe
45%
Arrière 6 Léo Barré
45%
Pilier 57 Rabah Slimani
43%
Deuxième ligne 53 Romain Taofifénua
43%
Deuxième ligne 5 Mickaël Guillard
33%
Centre 2 Nicolas Depoortère
28%
Ailier 0 Gaël Dréan
25%
Talonneur 0 Maxime Lamothe
25%
Centre 2 Antoine Frisch
20%
Pilier 18 Dany Priso
20%
Troisième ligne 1 Esteban Abadie
20%
Centre 0 Noah Nene
20%
Troisième ligne 1 Marko Gazzotti
18%
Deuxième ligne 0 Joshua Brennan
13%
Pilier 0 Giorgi Beria
8%
Deuxième ligne 0 Matthias Halagahu
5%
Aucun quiz correspondant
Distribution des résultats
% des personnes avec chaque résultat
Percentile par nombre de réponses
Votre historique - résultats
Vous n’avez pas pris ce quiz